000 00380nam a2200169Ia 4500
008 210210b1955 xxu||||| |||| 00| 0 eng d
041 _aeng
082 _a828/517
100 _aPUDNEY (John)
245 _aSix great aviators
260 _aLondon
_bHamish Hamilton
_c1955
650 _aSix
650 _agreat
650 _aaviators
690 _aBiography
906 _a016362
999 _c135864
_d135864